000 00545nam a22001811a 4500
001 1244
003 OSt
005 20260204211726.0
008 040117s2002||||dr ||||||b||||||||||spa||
050 _aRD 370.11 P416e
082 _aRD 370.11 P416e
245 _aPerfil del estudiante dominicanao del Nivel Básico: Aportes para la discusión síntesis de los principales hallazgos / Minerva Vicent.
264 _aSanto Domingo : Centenario
300 _a76 p.
650 _a1.Educación Básica
700 _aVicent, MinervaÌ
942 _2ddc
_cBK
999 _c1244
_d1244